De Gutenberg a Internet : (Registro nro. 28884)

Detalles MARC
000 -CABECERA
Longitud fija campo de control 00676nam a2200217 a 4500
003 - • IDENTIFICADOR DELl NÚMERO DE CONTROL
Identificador del número de control CO-ViMGA
008 - • CÓDIGOS DE INFORMACIÓN DE LONGITUD FIJA
Códigos de información de longitud fija 141112s2004 ck r 000 u spa d
020 ## - • NÚMERO INTERNACIONAL NORMALIZADO PARA LIBROS
Número Internacional Normalizado para Libros (ISBN) 8430604790
040 ## - FUENTE DE LA CATALOGACIÓN
Centro catalogador de origen CO-ViMGA
Lengua de catalogación spa
Centro transcriptor CO-ViMGA
082 04 - • NÚMERO DE LA CLASIFICACIÓN DECIMAL DEWEY
Número de clasificación (R) 302 B744g
100 1# - • PUNTO DE ACCESO PRINCIPAL-NOMBRE DE PERSONA
Nombre de persona Briggs, Asa; Burke, Peter
245 10 - • TITULO PROPIAMENTE DICHO
Título De Gutenberg a Internet :
Resto del título Una historia social de los medios de comunicación
300 ## - • DESCRIPCIÓN FÍSICA
Extensión 425 p.
590 ## - NOTAS LOCALES
Nota local Forma de adquisición : Premio Mincultura
650 14 - • PUNTO DE ACCESO ADICIONAL DE MATERIA - TÉRMINO DE MATERIA
Término de materia o nombre geográfico como elemento inicial CIBERESPACIO - HISTORIA
650 14 - • PUNTO DE ACCESO ADICIONAL DE MATERIA - TÉRMINO DE MATERIA
Término de materia o nombre geográfico como elemento inicial IMPRENTA - HISTORIA
650 14 - • PUNTO DE ACCESO ADICIONAL DE MATERIA - TÉRMINO DE MATERIA
Término de materia o nombre geográfico como elemento inicial MEDIOS DE COMUNICACION DE MASAS
942 ## - ENTRADA DE ELEMENTOS AGREGADOS (KOHA)
Fuente de clasificaión o esquema Dewey Decimal Classification
Koha [por defecto] tipo de item LIbro
Existencias
Perdido Fuente de clasificación o esquema Estado Físico No para préstamo Forma de adquisición Localización permanente Localización actual Fecha adquisición Serie de enumeración / cronolog&íacute;a Préstamos totales Signatura completa Código de barras Fecha última consulta Número de copia Fecha del precio de reemplazo Tipo de item de Koha Localización en estanterías Calificador de ubicación codificada
  Dewey Decimal Classification     Colección General Biblioteca Pública Cumaral - Alvaro Garzon Torres Biblioteca Pública Cumaral - Alvaro Garzon Torres 09/12/2025     302 B744g MECUM00734 09/12/2025 Ej.1 09/12/2025 LIbro General SALA GENERAL 3A
  Dewey Decimal Classification     Colección General Biblioteca Pública Puerto López - Jorge Eliecer Gaitán Biblioteca Pública Puerto López - Jorge Eliecer Gaitán 04/10/2025     302 B744g PLZ00181 04/10/2025 Ej.1 04/10/2025 LIbro General  
  Dewey Decimal Classification     Colección General Biblioteca Pública Barranca de Upia - María Dolores Herrera Biblioteca Pública Barranca de Upia - María Dolores Herrera 10/13/2023     302.23 B73d BUP01108 10/13/2023 Ej.1 10/13/2023 LIbro General  
  Dewey Decimal Classification     Sala General Segundo Piso Biblioteca Pública Germán Arciniegas - Villavicencio Biblioteca Pública Germán Arciniegas - Villavicencio 12/04/2015 Volumen. 1 | 11/jun/2009   302 B744g 19749 12/04/2015 Ej. 1 12/04/2015 LIbro    









Instituto Departamental de Cultura del Meta - Red Departamental de Bibliotecas Públicas del Meta.